Estadísticas para Traducciones de Juan

Haz click aquí para tomar la prueba!

Estadísticas generales

  • Esta prueba ha sido tomada 1.682 veces
  • La puntuación promedio es 5 de 12

Estadísticas de respuestas

LenguajeTraducción% Correcto
InglésJohn
95%
CatalánJoan
77%
FrancésJean
70%
PortuguésJoão
60%
ItalianoGiovanni or Gianni
52%
Alemán (1)Johann
45%
Neerlandés (Holandés)Jan
41%
RusoIvan
32%
EscocésIan
19%
Alemán (2)Hans
16%
IrlandesSeán
13%
GalésEvan
5%

Distribución de puntuación

Porcentaje por número respondido

Porcentaje de gente con cada puntuación

Historial de tus puntuaciones

No has tomado esta prueba